000 01058nam a2200289 a 4500
001 ebr10415621
003 CaPaEBR
006 m u
007 cr cn|||||||||
008 100929s2007 ii a s 001 0 eng d
020 _z9788184883596
040 _aCaPaEBR
_cCaPaEBR
035 _a(OCoLC)681556542
050 1 4 _aTP248.2
_b.A76 2007eb
100 1 _aArora, Mohan P.
245 1 0 _aBiotechnology
_h[electronic resource] /
_cMohan P. Arora ; edited by Chander Kanta.
250 _aRev. ed.
260 _aMumbai [India] :
_bHimalaya Pub. House,
_c2007.
300 _a442 p. :
_bill.
500 _aIncludes index.
533 _aElectronic reproduction.
_bPalo Alto, Calif. :
_cebrary,
_d2010.
_nAvailable via World Wide Web.
_nAccess may be limited to ebrary affiliated libraries.
650 0 _aBiotechnology.
655 7 _aElectronic books.
_2local
700 1 _aKanta, Chander.
710 2 _aebrary, Inc.
856 4 0 _uhttp://site.ebrary.com/lib/rucke/Doc?id=10415621
_zAn electronic book accessible through the World Wide Web; click to view
999 _c86059
_d86059